Stations de la Ligne A du tram de Bordeaux (Mars 2026) - Statistiques

Statistiques générales
  • Ce quiz a été pris 5 fois
  • Le résultat moyen est 28 sur 40
Statistiques - réponses
Correspondance SNCF / Trams / BEX Stations % Correct
F Gaviniès
100%
F Hôtel de Police
100%
B / F Hôtel de Ville
100%
Le Haillan Rostand
100%
F / G Mériadeck
100%
Mérignac Centre
100%
F / G Palais de Justice
100%
F Peychotte
100%
F Quatre Chemins
100%
F Saint Augustin
100%
F / H Stade Chaban Delmas
100%
E Stalingrad
100%
F Ste Catherine
100%
F Alfred de Vigny
75%
SNCF / F Fontaine d'Arlac
75%
F François Mitterand
75%
F Hôpital Pellegrin
75%
E Jean Jaurès
75%
Les Pins
75%
Lycées de Mérignac
75%
Pin Galant
75%
F Place du Palais
75%
C / D / E / F Porte de Bourgogne
75%
F St Bruno - Hôtel de Région
75%
E Buttinière
50%
E Carnot - Mairie de Cenon
50%
SNCF / E / H Cenon Gare
50%
Frères Robinson
50%
E Galin
50%
Hôtel de Ville Mérignac
50%
Iris
50%
E Jardin Botanique
50%
Mairie de Lormont
50%
F Pierre Mendès France
50%
E Thiers - Benauge
50%
Bois Fleuri
25%
Carriet
25%
Gravières
25%
La Gardette - Bassens - Carbon Blanc
25%
Lauriers
25%
Aucun quiz correspondant
Distribution des résultats
% des personnes avec chaque résultat
Percentile par nombre de réponses
Votre historique - résultats
Vous n’avez pas pris ce quiz